Ingeniería de la web y patrones de diseño

Guardat en:
Dades bibliogràfiques
Autors principals: Díaz, María Paloma (Autor), Montero, Susana (Autor), Aedo, Ignacio (Autor)
Format: Llibre
Idioma:espanyol
Publicat: Madrid Pearson Educación 2005
Matèries:
Etiquetes: Afegir etiqueta
Sense etiquetes, Sigues el primer a etiquetar aquest registre!

MARC

LEADER 00000nam a2200000 a 4500
001 UCJ1495
003 CL-VaPUC
005 20250103131700.0
008 061020e20050000SP |||||||||||||||||spa|d
999 |c 318077  |d 318075 
020 |a 8420546097 
040 |c Pontificia Universidad Católica de Valparaíso 
082 0 4 |a 004.6  |b DIA  |2 21 
100 0 |a Díaz, María Paloma  |e author  |9 502183 
245 1 0 |a Ingeniería de la web y patrones de diseño 
260 |a Madrid  |b Pearson Educación  |c 2005 
300 |a 409 p 
583 |a last modification  |c 20061020 00:00:00  |k Rodrigo Vera 
650 0 |a Informática   |9 260044 
650 0 |a Redes de información  |9 230208 
650 0 |a Software  |x Desarrollo  |9 885018 
650 0 |a Páginas web  |x Desarrollo  |9 559681 
700 0 |a Montero, Susana  |e author  |9 502184 
700 0 |a Aedo, Ignacio  |e author  |9 502185 
942 |c BK  |2 ddc 
945 |d 20061020 00:00:00  |a jtorresc 
952 |0 0  |1 0  |2 ddc  |4 0  |6 004_600000000000000_DIA_2005  |7 0  |8 A  |9 395301  |a BIBING  |b BIBING  |c RES  |d 2019-11-22  |i 4279077  |o 004.6 DIA 2005  |p 4279077  |r 2025-01-20  |w 2019-11-22  |y BK  |k CCI 
952 |0 0  |1 0  |2 ddc  |4 0  |6 004_600000000000000_DIA_2005  |7 0  |8 A  |9 395302  |a BIBING  |b BIBING  |c RES  |d 2019-11-22  |i 4347609  |o 004.6 DIA 2005  |p 4347609  |r 2025-01-20  |w 2019-11-22  |y BK  |k CCI 
952 |0 0  |1 0  |2 ddc  |4 0  |6 004_600000000000000_DIA_2005  |7 0  |8 A  |9 395303  |a BIBING  |b BIBING  |c RES  |d 2019-11-22  |i 4347617  |o 004.6 DIA 2005  |p 4347617  |r 2025-01-20  |w 2019-11-22  |y BK  |k CCI 
952 |0 0  |1 0  |2 ddc  |4 0  |6 004_600000000000000_DIA_2005  |7 0  |8 A  |9 395304  |a BIBING  |b BIBING  |c RES  |d 2019-11-22  |i 4347625  |o 004.6 DIA 2005  |p 4347625  |r 2025-01-20  |w 2019-11-22  |y BK  |k CCI